000 00488nam a2200181Ia 4500
001 8500
005 20260306160614.0
008 260306t2014||||xx |||||||||||||| ||spa||
041 _aESP
082 _a371.1
_bM585
100 _aMüller, Mariana
_eAUT
245 0 _aFormación docente y psicopedagógica:
_bestrategias y propuestas para la intervención educativa
260 _c2014
300 _a238 páginas :
_c21 cm.
650 _aGEN
654 _aCED
942 _cLIB
_dJUS
_fJUS
_2ddc
_n
999 _c8500
_d8500